00511cam a2200193 a 4500001000800000005001700008008004100025010001700066020003900083040001800122041000800140043001200148080001600160082002000176100000700196101000800203245004000211504006600251390815720180214083735.0911010s1992 nyua b 001 0 eng  a 91050880  a0465098142 :c$25.00 ($33.50 Can.) aDLCcDLCdDLC aeng an-us--- a320.011 KAU00a320.011 KAU2201 a19 aPOL14aThe end of equality /cMickey Kaus. aIncludes bibliographical references (p. [187]-282) and index.